[Event "UGA-ch"]
[Site "Kampala"]
[Date "2011.12.06"]
[Round "3"]
[White "Manyaga, Ivan"]
[Black "Seguya, Ivan"]
[Result "0-1"]
[WhiteElo "1950"]
[BlackElo "2003"]
[PlyCount "98"]
[EventDate "2011.12.05"]
[EventType "swiss"]
[EventRounds "10"]
[EventCountry "UGA"]
[SourceTitle "EXT 2013"]
[Source "ChessBase"]
[SourceDate "2012.11.22"]
[SourceVersion "1"]
[SourceVersionDate "2012.11.22"]
[SourceQuality "1"]

1. d4 e6 2. c4 d5 3. e3 b6 4. Nf3 Bb7 5. Nc3 Nf6 6. Bd3 Be7 7. 0-0 0-0 8. cxd5 exd5 9. Qc2 c5 10. Re1 c4 11. Bf1 Bb4 12. a3 Bxc3 13. Qxc3 Nbd7 14. b3 Ne4 15. Qc2 c3 16. Bd3 Ndf6 17. Ne5 Rc8 18. f3 Ng5 19. h4 Ne6 20. g4 g5 21. Bf5 Rc7 22. Bxe6 fxe6 23. hxg5 Nd7 24. f4 Nxe5 25. dxe5 d4 26. Rd1 Qd5 27. e4 Qc5 28. Kh2 Rd8 29. Qd3 c2 30. Rd2 Qc6 31. Re2 Qc3 32. Qxc3 Rxc3 33. Bb2 d3 34. Rd2 Rxb3 35. Rc1 Rxb2 36. f5 Bxe4 37. f6 Rb1 38. Rcxc2 Rh1+ 39. Kg3 Rg1+ 40. Kf4 Bg6 41. Rc6 Rd4+ 42. Ke3 Rgxg4 43. Rc8+ Kf7 44. Rc7+ Ke8 45. f7+ Kf8 46. Rf2 Rge4+ 47. Kd2 Re2+ 48. Rxe2 dxe2+ 49. Kxe2 Ra4 0-1